01075 a2200205 45000010006000000050017000060080041000230030015000640400040000790800056001192450049001752640047002243000019002715050407002900410008006971000025007057000024007307000020007548560095007745700820260407155833.0260407a1968 arg spa dAR-UNSa-BCEJYS aAR-UNSa-BCEJYSbspacAR-UNSa-BCEJYS a519.2xProbabilidades y estadística matemática 10aIntroducción a la inferencia estadística 1aNew York :bMcGraw-Hill Book Companyc1968 a357 p.c23 cm. a1. Probalidad – 2.Modelos probabilísticos – 3.Parametros, estadísticos y distribuciones muéstrales – 4.Contraste de hipótesis estadísticos – 5.Inferencia estadística para medias y varianzas – 6.Inferencias estadísticas acerca de parámetros de variables aleatorias discretas; contrastes chi-cuadrados aproximados – 7.Analisis de la varianza – 8.Regresion y correlación.  aspa1 aGuenther, William C.1 aGonzalvo Cavero, G.1 aVIlaplana, J.P.41uhttps://biblioeco.unsa.edu.ar/pmb/images/libros/L128649.jpgyImagen de portadaqimage/jpeg